| 000 | 00396nam a22001577a 4500 | ||
|---|---|---|---|
| 020 | _a0-590-68117-6 | ||
| 082 |
_a823 _bBET/T |
||
| 100 | _aBETANCOURT, JEANNE | ||
| 245 |
_aTEN TUE ANIMAL RESCUES _bSHORT STORY |
||
| 246 |
_aTEN TUE ANIMAL RESCUES _bSHORT STORY |
||
| 260 |
_aUKSCHOLASTIC INC _bBETANCOURT, JEAANE |
||
| 300 | _a66 | ||
| 520 | _aSHORT STORY | ||
| 650 | _aSHORT STORY | ||
| 942 | _cBK | ||
| 999 |
_c2761 _d2761 |
||